¿Cuánto compartir con un paciente? : las intervenciones de autorrevelación del Terapeuta /

Las intervenciones de autorrevelación del terapeuta son un tema no muy ampliamente tratado en la literatura psicológica y con, aún, muchas interrogantes. Las posturas teóricas son divergentes y la investigación no aborda las dudas teóricas principales ni es concluyente en lo realizado. Se exponen ar...

Descripción completa

Detalles Bibliográficos
Autor principal: Pizarro, Claudio J.
Formato: Analitica de revista
Lenguaje:español
Materias:

MARC

LEADER 00000cab a2200000 a 4500
001 043704
003 UAHC_CL
005 20180604130030.0
008 050715b xx j 000 1 spa
952 |0 0  |1 0  |4 0  |6 TERAPIA_PSICOLOGICA01_05_000000000000000  |7 0  |8 General  |9 81292  |a BC  |b BC  |c General  |d 2017-08-03  |l 0  |o TERAPIA PSICOLOGICA-01/05  |p FICTICIO7760  |r 2019-01-08 00:00:00  |t 1  |w 2017-08-03  |y REVA 
999 |c 43704  |d 43704 
040 |a UAHC_CL  |c UAHC_CL  |d UAHC_CL 
100 1 |a Pizarro, Claudio J. 
245 1 0 |a ¿Cuánto compartir con un paciente? :  |b las intervenciones de autorrevelación del Terapeuta /  |c Claudio J. Pizarro. 
500 |a En: Terapia psicológica, nº1, p. 5-13. 2005. ISSN 07166184. 
520 |a Las intervenciones de autorrevelación del terapeuta son un tema no muy ampliamente tratado en la literatura psicológica y con, aún, muchas interrogantes. Las posturas teóricas son divergentes y la investigación no aborda las dudas teóricas principales ni es concluyente en lo realizado. Se exponen argumentos a favor y en contra de la autorrevelación del terapeuta y se concluye que no es una intervención recomendable sino en ocasiones muy particulares. 
653 |a PSICOLOGIA 
773 0 |t Theoria : Ciencia, arte y humanidades  |w 043707 
900 |a TERAPIA PSICOLOGICA-01/05 
942 |c REVA  |2 ddc